[Event "Solingen Karneval op"]
[Site "Solingen"]
[Date "2014.03.02"]
[Round "5"]
[White "Richters, Marc"]
[Black "Rieger, Isabelle"]
[Result "0-1"]
[WhiteElo "2062"]
[BlackElo "1692"]
[PlyCount "86"]
[EventDate "2014.02.28"]
[EventType "swiss"]
[EventRounds "5"]
[EventCountry "GER"]
[SourceTitle "EXT 2016"]
[Source "ChessBase"]
[SourceDate "2015.10.08"]
[SourceVersion "1"]
[SourceVersionDate "2015.10.08"]
[SourceQuality "1"]

1. e4 c5 2. c3 d5 3. exd5 Qxd5 4. d4 cxd4 5. cxd4 Nc6 6. Nf3 e6 7. Nc3 Qd8 8. Be2 Nf6 9. 0-0 Be7 10. Bf4 0-0 11. Rc1 b6 12. Re1 Bb7 13. Be3 Nb4 14. Ne5 Rc8 15. Qa4 Ra8 16. a3 Nbd5 17. Nc6 Bxc6 18. Qxc6 Nxc3 19. Qxc3 Nd5 20. Qb3 a6 21. Rc6 Qd7 22. Rec1 b5 23. a4 bxa4 24. Qc4 a5 25. Qxa4 Nb4 26. Bb5 Nxc6 27. Bxc6 Qd8 28. Bxa8 Qxa8 29. Bd2 Rb8 30. Bf4 Rd8 31. h3 Rd5 32. Rc7 Bd6 33. Bxd6 Rxd6 34. Ra7 Qc8 35. g3 h6 36. Rxa5 Qc1+ 37. Kg2 Qxb2 38. Qe8+ Kh7 39. Qxf7 Qxd4 40. h4 Qe4+ 41. Qf3 Qe1 42. h5 Qxa5 43. Qe4+ Qf5 0-1

[Event "Cologne Longerich op 09th"]
[Site "Cologne"]
[Date "2012.08.05"]
[Round "4"]
[White "Rieger, Isabelle"]
[Black "Zilberman, Rodion"]
[Result "1-0"]
[WhiteElo "1598"]
[BlackElo "1844"]
[PlyCount "65"]
[EventDate "2012.08.03"]
[EventType "tourn"]
[EventRounds "5"]
[EventCountry "GER"]
[SourceTitle "EXT 2017"]
[Source "ChessBase"]
[SourceDate "2016.10.25"]
[SourceVersion "1"]
[SourceVersionDate "2016.10.25"]
[SourceQuality "1"]

1. d4 g6 2. c4 Bg7 3. Nc3 d6 4. e4 Nf6 5. Nf3 0-0 6. Be2 Nc6 7. 0-0 e5 8. d5 Ne7 9. Ne1 Nd7 10. Be3 f5 11. f3 f4 12. Bf2 g5 13. b4 b6 14. Nd3 Nf6 15. c5 h5 16. Rc1 Qe8 17. a4 Bd7 18. Nb2 Qg6 19. cxd6 cxd6 20. Nb5 Bxb5 21. Bxb5 g4 22. Rc7 Rf7 23. Bh4 a6 24. Be2 Kh7 25. Bxf6 Bxf6 26. Nc4 Rc8 27. Rxc8 Nxc8 28. fxg4 Kg7 29. Nd2 hxg4 30. Bxg4 Rc7 31. Bf5 Qh6 32. Qg4+ Bg5 33. Bxc8 1-0

[Event "Cologne Longerich op 09th"]
[Site "Cologne"]
[Date "2012.08.03"]
[Round "1"]
[White "Andrae, Philipp"]
[Black "Rieger, Isabelle"]
[Result "1/2-1/2"]
[WhiteElo "1789"]
[BlackElo "1598"]
[PlyCount "52"]
[EventDate "2012.08.03"]
[EventType "tourn"]
[EventRounds "5"]
[EventCountry "GER"]
[SourceTitle "EXT 2017"]
[Source "ChessBase"]
[SourceDate "2016.10.25"]
[SourceVersion "1"]
[SourceVersionDate "2016.10.25"]
[SourceQuality "1"]

1. e4 c5 2. Nf3 Nc6 3. d4 cxd4 4. Nxd4 Nf6 5. Nc3 e5 6. Ndb5 d6 7. Bg5 a6 8. Na3 b5 9. Nd5 Be7 10. Nxe7 Nxe7 11. Qd3 Be6 12. Be2 d5 13. Bxf6 gxf6 14. exd5 Nxd5 15. Qg3 Qa5+ 16. c3 Rc8 17. Nb1 b4 18. 0-0 bxc3 19. Nxc3 Nxc3 20. bxc3 Qxc3 21. Qxc3 Rxc3 22. Bxa6 Ra3 23. Bb5+ Ke7 24. Rfc1 Rxa2 25. Rxa2 Bxa2 26. Rc7+ Kd6 1/2-1/2

[Event "Bad Godesberg op 16th"]
[Site "Bad Godesberg"]
[Date "2012.07.13"]
[Round "7"]
[White "Zens, Rolf"]
[Black "Rieger, Isabelle"]
[Result "1-0"]
[WhiteElo "1841"]
[BlackElo "1684"]
[PlyCount "79"]
[EventDate "2012.07.07"]
[EventType "swiss"]
[EventRounds "9"]
[EventCountry "GER"]
[SourceTitle "CBM 149 Extra"]
[Source "ChessBase"]
[SourceDate "2012.08.24"]
[SourceVersion "1"]
[SourceVersionDate "2012.08.24"]
[SourceQuality "1"]

1. e4 c5 2. Nf3 Nc6 3. d4 cxd4 4. Nxd4 Nf6 5. Nc3 e5 6. Ndb5 d6 7. Bg5 a6 8. Na3 b5 9. Nd5 Be7 10. Nxe7 Qxe7 11. c4 0-0 12. cxb5 axb5 13. Bxb5 Nd4 14. Bd3 Be6 15. 0-0 d5 16. Nc2 dxe4 17. Nxd4 exd3 18. Nxe6 Qxe6 19. Bxf6 gxf6 20. Qxd3 Rxa2 21. Rxa2 Qxa2 22. b4 Qb2 23. Rb1 Qd4 24. Qxd4 exd4 25. Kf1 Re8 26. Rb3 Re6 27. b5 Rb6 28. Ke2 Kf8 29. Kd3 Ke7 30. Kxd4 Kd6 31. g4 h6 32. h4 Rb7 33. b6 Kc6 34. Ke4 Kd6 35. Kf5 Ke7 36. Rb5 Kf8 37. Kxf6 Kg8 38. f4 Kh7 39. h5 Kh8 40. Ke5 1-0

[Event "Bad Godesberg op 16th"]
[Site "Bad Godesberg"]
[Date "2012.07.11"]
[Round "5"]
[White "Jonas, Rainer"]
[Black "Rieger, Isabelle"]
[Result "1-0"]
[WhiteElo "2023"]
[BlackElo "1684"]
[PlyCount "83"]
[EventDate "2012.07.07"]
[EventType "swiss"]
[EventRounds "9"]
[EventCountry "GER"]
[SourceTitle "CBM 149 Extra"]
[Source "ChessBase"]
[SourceDate "2012.08.24"]
[SourceVersion "1"]
[SourceVersionDate "2012.08.24"]
[SourceQuality "1"]

1. d4 Nf6 2. c4 g6 3. Nc3 Bg7 4. e4 d6 5. f3 0-0 6. Be3 e5 7. d5 a5 8. Bd3 Ne8 9. Qd2 f5 10. Bg5 Nf6 11. Bh6 Na6 12. Bxg7 Kxg7 13. Nge2 Nc5 14. 0-0-0 Nxd3+ 15. Qxd3 fxe4 16. fxe4 Ng4 17. Rdf1 Nf2 18. Rxf2 Rxf2 19. Qg3 Qf8 20. Re1 Bd7 21. h4 Qf7 22. Kd2 Qf4+ 23. Qxf4 exf4 24. Rg1 Bg4 25. Ke1 Bxe2 26. Nxe2 Rxe2+ 27. Kxe2 Kf6 28. Rh1 h6 29. Kd3 Ke5 30. Rf1 Rf8 31. Rf3 Rf7 32. a3 g5 33. hxg5 hxg5 34. Rh3 Kf6 35. Kd4 b6 36. b4 g4 37. Rc3 a4 38. c5 dxc5+ 39. bxc5 b5 40. e5+ Ke7 41. e6 Rf8 42. Ke5 1-0

[Event "Bad Godesberg op 16th"]
[Site "Bad Godesberg"]
[Date "2012.07.09"]
[Round "3"]
[White "Froitzheim, Ralf"]
[Black "Rieger, Isabelle"]
[Result "1-0"]
[WhiteElo "1934"]
[BlackElo "1684"]
[PlyCount "79"]
[EventDate "2012.07.07"]
[EventType "swiss"]
[EventRounds "9"]
[EventCountry "GER"]
[SourceTitle "CBM 149 Extra"]
[Source "ChessBase"]
[SourceDate "2012.08.24"]
[SourceVersion "1"]
[SourceVersionDate "2012.08.24"]
[SourceQuality "1"]

1. c4 Nf6 2. g3 g6 3. Bg2 Bg7 4. Nc3 d6 5. e4 c5 6. Nge2 0-0 7. 0-0 Nc6 8. f4 Ne8 9. d3 Nc7 10. h3 f5 11. exf5 gxf5 12. Be3 Ne6 13. Qd2 Ned4 14. Rae1 Qc7 15. Kh2 e6 16. Bg1 a6 17. Nxd4 Nxd4 18. Ne2 Nc6 19. b3 Bf6 20. d4 cxd4 21. Nxd4 e5 22. Nxc6 bxc6 23. Rd1 exf4 24. gxf4 Rd8 25. Bd4 Bxd4 26. Qxd4 Bb7 27. Qf6 Qd7 28. Rfe1 Qf7 29. Qg5+ Qg6 30. Qxg6+ hxg6 31. Re6 d5 32. cxd5 cxd5 33. Rxg6+ Kf7 34. Rb6 Rab8 35. Rd4 Ke7 36. Kg3 Rd6 37. Rdb4 Rxb6 38. Rxb6 Rg8+ 39. Kf2 Rb8 40. Bxd5 1-0

[Event "Solingen Karneval op"]
[Site "Solingen"]
[Date "2012.02.19"]
[Round "4"]
[White "Rieger, Isabelle"]
[Black "Hollender, Christoph"]
[Result "0-1"]
[WhiteElo "1662"]
[BlackElo "1831"]
[PlyCount "88"]
[EventDate "2012.02.17"]
[EventType "swiss"]
[EventRounds "5"]
[EventCountry "GER"]
[SourceTitle "EXT 2015"]
[Source "ChessBase"]
[SourceDate "2014.11.20"]
[SourceVersion "1"]
[SourceVersionDate "2014.11.20"]
[SourceQuality "1"]

1. d4 Nf6 2. c4 g6 3. Nc3 Bg7 4. e4 d6 5. Nf3 0-0 6. Be2 Nbd7 7. 0-0 e5 8. d5 Nc5 9. Qc2 a5 10. Ne1 Ne8 11. Nd3 Nxd3 12. Bxd3 f5 13. f4 fxe4 14. Nxe4 Bf5 15. Ng5 exf4 16. Bxf4 Bd4+ 17. Kh1 Ng7 18. Bxf5 Rxf5 19. Qd2 Be5 20. Bxe5 Qxg5 21. Qxg5 Rxg5 22. Bc3 b6 23. Rae1 Nf5 24. Kg1 Rf8 25. Re6 Rg4 26. b3 Rf7 27. Re8+ Rf8 28. Rxf8+ Kxf8 29. h3 Rg3 30. Be1 Re3 31. g4 Kg8 32. gxf5 gxf5 33. Rf2 Rxe1+ 34. Kg2 Re5 35. Kf3 Kf7 36. h4 Kf6 37. Rg2 Re4 38. Rh2 h5 39. Kg3 Ke5 40. Kf3 Kf6 41. Kg3 a4 42. Kf3 axb3 43. axb3 Ke5 44. Rh3 b5 0-1

[Event "Solingen Karneval op"]
[Site "Solingen"]
[Date "2012.02.17"]
[Round "1"]
[White "Rieger, Isabelle"]
[Black "Besel, Waldemar"]
[Result "1/2-1/2"]
[WhiteElo "1662"]
[BlackElo "2076"]
[PlyCount "87"]
[EventDate "2012.02.17"]
[EventType "swiss"]
[EventRounds "5"]
[EventCountry "GER"]
[SourceTitle "EXT 2015"]
[Source "ChessBase"]
[SourceDate "2014.11.20"]
[SourceVersion "1"]
[SourceVersionDate "2014.11.20"]
[SourceQuality "1"]

1. d4 d5 2. Nf3 Nf6 3. g3 g6 4. Bg2 Bg7 5. 0-0 0-0 6. c4 c6 7. Nc3 h6 8. Ne1 dxc4 9. e4 Ne8 10. Be3 Kh7 11. Nc2 Nd7 12. Qe2 Nb6 13. Rad1 Qc7 14. Bf4 e5 15. dxe5 Bxe5 16. Bxe5 Qxe5 17. f4 Qc5+ 18. Kh1 Ng7 19. Rd2 h5 20. Ne3 Re8 21. Re1 Be6 22. e5 Red8 23. Ne4 Qe7 24. Nd6 Rd7 25. Red1 Rad8 26. Rd4 f6 27. exf6 Qxf6 28. Ne4 Qe7 29. Rxd7 Rxd7 30. Rxd7 Nxd7 31. Ng5+ Kg8 32. Nxc4 Qf6 33. Nxe6 Qxe6 34. Qxe6+ Nxe6 35. Bh3 Ndf8 36. Na5 Nd8 37. Bg2 Kf7 38. Kg1 Ke6 39. Kf2 Kd6 40. Nb3 c5 41. Ke3 b6 42. Be4 Ke6 43. Nc1 Kf6 44. Nd3 1/2-1/2

[Event "Solingen Karneval op"]
[Site "Solingen"]
[Date "2011.03.06"]
[Round "4"]
[White "Krenz, Tomas"]
[Black "Rieger, Isabelle"]
[Result "0-1"]
[WhiteElo "1715"]
[BlackElo "1372"]
[PlyCount "142"]
[EventDate "2011.03.04"]
[EventType "swiss"]
[EventRounds "5"]
[EventCountry "GER"]
[SourceTitle "EXT 2015"]
[Source "ChessBase"]
[SourceDate "2014.11.20"]
[SourceVersion "1"]
[SourceVersionDate "2014.11.20"]
[SourceQuality "1"]

1. d4 Nf6 2. c4 g6 3. Nc3 Bg7 4. e4 d6 5. f3 0-0 6. Be3 Nbd7 7. Bd3 e5 8. d5 a5 9. Nge2 Ne8 10. Qd2 f5 11. 0-0-0 f4 12. Bf2 c6 13. Kb1 Qc7 14. Rc1 a4 15. Qc2 Qa5 16. Be1 Nc5 17. Rf1 Rf7 18. Rd1 Bf6 19. Nb5 Qa6 20. Na3 Bd8 21. Nc3 Nf6 22. Bf2 Nfd7 23. Kc1 Ba5 24. Kd2 Bb4 25. Nab1 Nb6 26. Bxc5 Bxc5 27. b3 Be3+ 28. Ke2 axb3 29. axb3 Nd7 30. Na4 Qa5 31. Nbc3 Nc5 32. Ra1 Qc7 33. Nxc5 Rxa1 34. Rxa1 Bxc5 35. Ra8 Kg7 36. Qa2 Bd7 37. Qa5 Qxa5 38. Rxa5 Bb4 39. Ra7 Bxc3 40. Rxb7 cxd5 41. exd5 Kf8 42. b4 Be8 43. Rb6 Rd7 44. b5 Bd4 45. Ra6 Ke7 46. Kd2 Ra7 47. Kc2 Rxa6 48. bxa6 Ba4+ 49. Kb1 Kd7 50. Ka2 Bc5 51. Kb2 Kc7 52. Kc1 Kb6 53. g4 Kxa6 54. h4 Ka5 55. h5 Be8 56. g5 Kb4 57. Kd2 Bb6 58. hxg6 Bxg6 59. Bxg6 hxg6 60. Kd3 Bd8 61. Ke4 Be7 62. Kd3 Bxg5 63. Ke4 Kb3 64. Kd3 Kb4 65. Ke4 Kc5 66. Kd3 Bh4 67. Ke4 g5 68. Kd3 Kb4 69. Ke2 Kxc4 70. Kd2 Kxd5 71. Kd3 Be1 0-1

[Event "Solingen Karneval op"]
[Site "Solingen"]
[Date "2011.03.05"]
[Round "2"]
[White "Poghosyan, Tigran"]
[Black "Rieger, Isabelle"]
[Result "1-0"]
[WhiteElo "1669"]
[BlackElo "1372"]
[PlyCount "31"]
[EventDate "2011.03.04"]
[EventType "swiss"]
[EventRounds "5"]
[EventCountry "GER"]
[SourceTitle "EXT 2015"]
[Source "ChessBase"]
[SourceDate "2014.11.20"]
[SourceVersion "1"]
[SourceVersionDate "2014.11.20"]
[SourceQuality "1"]

1. e4 c5 2. Nf3 Nc6 3. d4 cxd4 4. Nxd4 Nf6 5. Nc3 e5 6. Ndb5 d6 7. Bg5 a6 8. Na3 b5 9. Nd5 Be7 10. Bxf6 gxf6 11. c4 b4 12. Nc2 a5 13. Be2 f5 14. Bf3 0-0 15. exf5 Bxf5 16. Nxe7+ 1-0

[Event "Cologne Longerich op 7th"]
[Site "Cologne"]
[Date "2010.07.31"]
[Round "2"]
[White "Rieger, Isabelle"]
[Black "Knuetter, Helmut"]
[Result "0-1"]
[WhiteElo "1405"]
[BlackElo "1593"]
[PlyCount "94"]
[EventDate "2010.07.30"]
[EventType "swiss"]
[EventRounds "5"]
[EventCountry "GER"]
[SourceTitle "EXT 2011"]
[Source "ChessBase"]
[SourceDate "2010.11.26"]
[SourceVersion "1"]
[SourceVersionDate "2010.11.26"]
[SourceQuality "1"]

1. d4 Nf6 2. Nf3 b6 3. g3 Bb7 4. Bg2 e6 5. c4 Bb4+ 6. Nc3 Ne4 7. Qb3 Bxc3+ 8. bxc3 0-0 9. 0-0 Qc8 10. d5 Nc5 11. Qd1 d6 12. Ng5 h6 13. Ne4 Nbd7 14. Nd2 e5 15. Ba3 Qd8 16. f4 Qe7 17. e4 exf4 18. gxf4 f5 19. Bxc5 Nxc5 20. Qc2 Bc8 21. e5 dxe5 22. d6 Qxd6 23. Bxa8 c6 24. fxe5 Qc7 25. Bxc6 Qxc6 26. Nf3 Ne4 27. Qd3 Qg6+ 28. Kh1 Bb7 29. Qe2 Qh5 30. Kg1 Nxc3 31. Qf2 Ne4 32. Qh4 Qg6+ 33. Kh1 Nd2 34. Qf4 Nxf3 35. Rxf3 Bxf3+ 36. Qxf3 Qg4 37. Qxg4 fxg4 38. Kg2 Re8 39. Re1 Kf7 40. Kg3 h5 41. Kf4 Kg6 42. Re2 Rc8 43. Rc2 Rc5 44. a4 Kf7 45. Kf5 g6+ 46. Ke4 Ke6 47. Kf4 Rxe5 0-1

[Event "Cologne Longerich op 7th"]
[Site "Cologne"]
[Date "2010.07.31"]
[Round "3"]
[White "Vaskovitch, Mark"]
[Black "Rieger, Isabelle"]
[Result "1-0"]
[WhiteElo "1777"]
[BlackElo "1405"]
[PlyCount "73"]
[EventDate "2010.07.30"]
[EventType "swiss"]
[EventRounds "5"]
[EventCountry "GER"]
[SourceTitle "EXT 2011"]
[Source "ChessBase"]
[SourceDate "2010.11.26"]
[SourceVersion "1"]
[SourceVersionDate "2010.11.26"]
[SourceQuality "1"]

1. e4 c5 2. f4 Nc6 3. Nf3 e6 4. Bb5 Na5 5. 0-0 a6 6. Be2 d6 7. b3 Nf6 8. d3 Be7 9. Qe1 b5 10. Qg3 0-0 11. Ng5 Ne8 12. Nf3 d5 13. e5 d4 14. f5 exf5 15. h4 Kh8 16. Bf4 Nc7 17. Ng5 Nd5 18. Bd2 Nc6 19. Bh5 Be6 20. Be2 Qc7 21. Nf3 Nb8 22. c4 Nb6 23. Na3 b4 24. Nc2 Nc6 25. Bf4 Nd7 26. Rae1 Bd8 27. Ra1 Qb8 28. Rae1 Bc7 29. Bd1 a5 30. Re2 Nb6 31. Ng5 Bd8 32. Qf3 Qc8 33. Qh5 h6 34. Nh3 Ne7 35. Bxh6 gxh6 36. Qxh6+ Kg8 37. Ng5 1-0

[Event "Cologne Longerich op 6th"]
[Site "Cologne"]
[Date "2009.08.21"]
[Round "1"]
[White "Kaplun, David"]
[Black "Rieger, Isabelle"]
[Result "1-0"]
[WhiteElo "1538"]
[BlackElo "1253"]
[PlyCount "143"]
[EventDate "2009.08.21"]
[EventType "swiss"]
[EventRounds "5"]
[EventCountry "GER"]
[SourceTitle "EXT 2012"]
[Source "ChessBase"]
[SourceDate "2011.11.24"]
[SourceVersion "1"]
[SourceVersionDate "2011.11.24"]
[SourceQuality "1"]

1. d4 Nf6 2. c4 g6 3. Nc3 Bg7 4. e4 d6 5. f3 0-0 6. Be3 Nc6 7. Qd2 e5 8. d5 Ne7 9. g4 Ne8 10. Bh6 c6 11. h4 f5 12. exf5 gxf5 13. gxf5 Nxf5 14. Bxg7 Nexg7 15. 0-0-0 c5 16. h5 Ng3 17. Rh2 N3xh5 18. Bd3 Bf5 19. Bxf5 Rxf5 20. Rg2 Nf4 21. Rg3 Rg5 22. Rxg5 Qxg5 23. Ne4 Qh6 24. Kb1 Nf5 25. Ne2 Nxe2 26. Qxe2 Kf7 27. Qd3 Qg6 28. a3 a5 29. Qb3 Rd8 30. Qxb7+ Ke8 31. Qb5+ Ke7 32. Qxa5 Qg2 33. Qc3 Rb8 34. Rd2 Qf1+ 35. Ka2 Nd4 36. Qe3 Qxc4+ 37. Kb1 Qf1+ 38. Ka2 Qxf3 39. Qg5+ Kd7 40. Qg7+ Kc8 41. Nxd6+ Kd8 42. Nf7+ Kc8 43. Nd6+ Kd8 44. Qxe5 Qb3+ 45. Kb1 Qa4 46. Qh8+ Kc7 47. Qxh7+ Qd7 48. Qxd7+ Kxd7 49. Ne4 Nb3 50. Rc2 Rb5 51. Rc3 Kc7 52. Ka2 Nd4 53. Rxc5+ Rxc5 54. Nxc5 Kd6 55. Nb3 Nb5 56. a4 Nc7 57. Nd2 Nxd5 58. Kb3 Kc5 59. Ne4+ Kb6 60. Nc3 Nc7 61. Kc4 Kc6 62. Nb5 Na6 63. b4 Kb6 64. a5+ Kc6 65. Nd4+ Kb7 66. Ne6 Nxb4 67. Kxb4 Ka6 68. Ka4 Kb7 69. Kb5 Ka7 70. a6 Ka8 71. Kb6 Kb8 72. a7+ 1-0